LIBRARY & INFORMATION CENTRE, KCAET, TAVANUR

ONLINE PUBLIC ACCESS CATALOGUE (OPAC)

Electrical technology / (Record no. 7335)

MARC details
000 -LEADER
fixed length control field 00304cam a2200133ua 4500
020 ## - INTERNATIONAL STANDARD BOOK NUMBER
ISBN 0-582-23916-8
082 ## - DEWEY DECIMAL CLASSIFICATION NUMBER
Classification number 621.301
Item number HUG/EL
100 ## - MAIN ENTRY--AUTHOR NAME
Personal name Hughes, Edward .
245 ## - TITLE STATEMENT
Title Electrical technology /
250 ## - EDITION STATEMENT
Edition statement 6 /
260 ## - PUBLICATION, DISTRIBUTION, ETC. (IMPRINT)
Place of publication London :
Name of publisher Longman ,
Year of publication 1993.
300 ## - PHYSICAL DESCRIPTION
Number of Pages 656 ; .
942 ## - ADDED ENTRY ELEMENTS (KOHA)
Koha item type Books
Holdings
Withdrawn status Lost status Damaged status Home library Current library Date acquired Full call number Accession Number Koha item type
      KAUAET KAUAET 07/04/2012 621.301 18724 Books
      KAUAET KAUAET 07/04/2012 621.301 19087 Books
      KAUAET KAUAET 07/04/2012 621.301 19032 Books
free website counter